000 00681nam a2200241Ia 4500
003 OSt
005 20220924131441.0
006 a|||||r|||| 00| 0
007 ta
008 220923b |||||||| |||| 00| 0 san d
024 _a39734
037 _cTextual
040 _aARTS
_cARTS
_bsan
041 _2san
_asan
082 _aO15,1:g, 152K5.1
100 _aVyas Bhola Shankar
_9202009
245 0 _aBhartiya sahitya sastra aur kavyalankar
260 _aVaranasi
_bChowkhamba Vidyabhawan India
_c1965
300 _a248p.
_ccm.
650 _aSANSKRIT LITERATURE
942 _hO15,1:g, 152K5.1
_cTEXL
_2CC
999 _c427163
_d427163